[Event "15th London Classic Open"]
[Site "London ENG"]
[Date "2025.11.28"]
[Round "2.29"]
[White "Haydon, David L"]
[Black "Conquest, Stuart C"]
[Result "1/2-1/2"]
[WhiteTitle "FM"]
[BlackTitle "GM"]
[WhiteElo "2284"]
[BlackElo "2521"]
[WhiteFideId "415405"]
[BlackFideId "400181"]
[EventDate "2025.11.27"]

1. c4 Nf6 2. Nc3 e5 3. g3 Bb4 4. Bg2 O-O 5. Nf3 Re8 6. O-O Bxc3 7. bxc3 d6 8. d3
h6 9. e4 Bg4 10. h3 Bd7 11. Nh4 Nc6 12. Be3 Ne7 13. g4 Nh7 14. Qd2 Kh8 15. f4
exf4 16. Rxf4 Be6 17. Rf2 Nc6 18. Nf5 Ne5 19. Raf1 a6 20. Bf4 Ng6 21. Be3 Ne5
22. Bf4 Ng6 23. Be3 Ne5 1/2-1/2

[Event "15th London Classic Open"]
[Site "London ENG"]
[Date "2025.11.28"]
[Round "2.30"]
[White "Willow, Jonah B"]
[Black "Kovalskyi, Roman"]
[Result "1-0"]
[WhiteTitle "IM"]
[WhiteElo "2472"]
[BlackElo "2208"]
[WhiteFideId "438804"]
[BlackFideId "14184214"]
[EventDate "2025.11.27"]

1. Nf3 d5 2. g3 c5 3. Bg2 Nf6 4. O-O e6 5. c4 d4 6. e3 Nc6 7. d3 Bd6 8. exd4
cxd4 9. Na3 O-O 10. Nc2 e5 11. b4 Re8 12. Re1 a6 13. Bg5 h6 14. Bxf6 Qxf6 15. c5
Be7 16. Nd2 Bf5 17. Nc4 Bf8 18. a4 Bg6 19. Rb1 Rad8 20. b5 axb5 21. axb5 Nb8 22.
Na5 Bxc5 23. Nxb7 Rc8 24. Nxc5 Rxc5 25. b6 Qd6 26. Na3 Nd7 27. b7 Qa6 28. Nc4
Bxd3 29. Qxd3 Qxc4 30. Qa3 Qc3 31. Qa4 Rc7 32. Bh3 Rxb7 33. Bxd7 Rd8 34. Rbc1
Qb2 35. Bf5 d3 36. Red1 Rb3 37. Qa5 Qd4 38. Rc4 Qd6 39. Qxd8+ Qxd8 40. Rc8 Qxc8
41. Bxc8 g6 42. f3 e4 43. fxe4 Rb4 44. e5 Re4 45. e6 fxe6 46. Rxd3 Kf7 47. Rd2
h5 48. Kf2 Rc4 49. Ba6 Rc3 50. Bd3 Kf6 51. Ke3 Ke5 52. Ra2 g5 53. Ra8 Rc5 54.
Rh8 h4 55. gxh4 gxh4 56. Rxh4 Kf6 57. Rf4+ Kg7 58. h4 Rc1 59. Be2 Rh1 60. h5 Ra1
61. Re4 Kf6 62. Rh4 Ra3+ 63. Kf2 Ra8 64. Rh1 e5 65. Bf3 Rf8 66. Ke3 Kg7 67. Rg1+
Kh8 68. Rg5 Re8 69. Ke4 Kh7 70. Rg6 Rf8 71. Re6 Kh8 72. Rxe5 Rb8 73. Bg4 Rd8 74.
Kf4 Rb8 75. Bf5 Ra8 76. Kg5 Rb8 77. Bg6 Ra8 78. Kh6 Rb8 79. Re7 Rf8 80. Bf7 Rb8
81. Be6 1-0

[Event "15th London Classic Open"]
[Site "London ENG"]
[Date "2025.11.28"]
[Round "2.32"]
[White "Hariharan, Shambavi"]
[Black "Hebden, Mark L"]
[Result "0-1"]
[WhiteTitle "WFM"]
[BlackTitle "GM"]
[WhiteElo "1988"]
[BlackElo "2355"]
[WhiteFideId "488160"]
[BlackFideId "400084"]
[EventDate "2025.11.27"]

1. d4 Nf6 2. c4 g6 3. Nc3 Bg7 4. g3 O-O 5. Bg2 c5 6. Nf3 cxd4 7. Nxd4 Nc6 8. e3
d6 9. h3 Bd7 10. O-O Nxd4 11. Qxd4 Bc6 12. Qd3 Bxg2 13. Kxg2 Rc8 14. Rb1 Qa5 15.
Bd2 Qa6 16. b3 Rfd8 17. e4 e6 18. Bg5 h6 19. Bxf6 Bxf6 20. Rfd1 Qa5 21. Rbc1 a6
22. a4 Qb4 23. Ne2 h5 24. Qf3 Kg7 25. Qd3 Kg8 26. Qf3 Bg7 27. Qe3 Kh7 28. Qf3
Rd7 29. h4 Qa3 30. Qd3 Rc6 31. Qf3 Rdc7 32. Rd3 b5 33. axb5 axb5 34. Rcd1 bxc4
35. bxc4 Qb4 36. Nf4 Kg8 37. Nh3 Be5 38. g4 hxg4 39. Qxg4 Rxc4 40. Ng5 Rc2 41.
h5 f5 42. Qh4 d5 43. Nxe6 Bf6 44. Qxf6 Qxe4+ 45. Kg1 Qg4+ 46. Kf1 Qe2+ 0-1

[Event "15th London Classic Open"]
[Site "London ENG"]
[Date "2025.11.28"]
[Round "2.33"]
[White "Kanyamarala, Trisha"]
[Black "Wells, Peter K"]
[Result "1-0"]
[WhiteTitle "WIM"]
[BlackTitle "GM"]
[WhiteElo "2149"]
[BlackElo "2321"]
[WhiteFideId "45004722"]
[BlackFideId "400327"]
[EventDate "2025.11.27"]

1. d4 Nf6 2. c4 e6 3. Nf3 d5 4. Nc3 c6 5. e3 Nbd7 6. Qc2 Bd6 7. Be2 O-O 8. O-O
dxc4 9. Bxc4 b5 10. Be2 Bb7 11. e4 e5 12. h3 Re8 13. dxe5 Nxe5 14. Nd4 b4 15.
Nf5 bxc3 16. Rd1 Re6 17. Bf4 Qc7 18. Rxd6 Rxd6 19. Bxe5 Rd1+ 20. Rxd1 Qxe5 21.
Qb3 cxb2 22. Nd6 Qe7 23. Qxb7 Qxb7 24. Nxb7 Rb8 25. Ba6 Nxe4 26. Rb1 Kf8 27. f3
Nc3 28. Rxb2 Nd5 29. Rb3 Ke7 30. Bc4 Nb6 31. Na5 Rc8 32. Re3+ Kf6 33. Ba6 Rc7
34. Nc4 Nd5 35. Rb3 Re7 36. Kf2 Nf4 37. Nd6 g5 38. Ne4+ Kg6 39. Rc3 Re6 40. Bc8 1-0

[Event "15th London Classic Open"]
[Site "London ENG"]
[Date "2025.11.28"]
[Round "2.34"]
[White "Vijayakumar, Rishi"]
[Black "Fellowes, Billy"]
[Result "1-0"]
[WhiteTitle "FM"]
[BlackTitle "CM"]
[WhiteElo "2300"]
[BlackElo "2184"]
[WhiteFideId "2408953"]
[BlackFideId "483540"]
[EventDate "2025.11.27"]

1. d4 Nf6 2. c4 g6 3. g3 Bg7 4. Bg2 O-O 5. Nc3 d6 6. Nf3 c6 7. O-O Bf5 8. Re1
Ne4 9. Qb3 Qb6 10. g4 Nxc3 11. gxf5 Ne4 12. Bh3 Qxb3 13. axb3 Re8 14. Rd1 c5 15.
d5 Na6 16. Ne1 Nb4 17. f3 Nf6 18. Bd2 a5 19. Bc3 Bh6 20. Kf2 Reb8 21. Ra3 Bg5
22. e3 Ne8 23. f4 Bh4+ 24. Ke2 Bxe1 25. Bxe1 Nc2 26. Rxa5 Nxe1 27. Rxa8 Rxa8 28.
Rxe1 Nc7 29. Kd3 Kf8 30. Rg1 Na6 31. Kc3 Nb4 32. e4 Kg7 33. e5 Na2+ 34. Kd2 Nb4
35. Bg2 Kh6 36. Be4 Ra2 37. Kc3 Ra8 38. Bb1 b6 39. Be4 Na2+ 40. Kd2 Nb4 41. Bb1
Rf8 42. Ke3 Re8 43. Rg3 dxe5 44. fxe5 g5 45. Kf2 f6 46. d6 fxe5 47. dxe7 Kg7 48.
Rxg5+ Kf6 49. Rh5 Rxe7 50. Rh6+ Kg5 51. Rxb6 Kf4 52. f6 Rd7 53. Ke2 Rc7 54. Kf2
Rd7 55. Re6 Kg5 56. Ke2 Kf4 57. Re7 Rd6 58. f7 Rf6 59. Rc7 e4 60. h3 h5 61. h4
e3 62. Bg6 Kg4 63. Rxc5 Kxh4 64. Rxh5+ Kg4 65. Rf5 1-0

[Event "15th London Classic Open"]
[Site "London ENG"]
[Date "2025.11.28"]
[Round "2.35"]
[White "Schmider, Niklas"]
[Black "Mesropyan, Hayk"]
[Result "0-1"]
[WhiteTitle "IM"]
[WhiteElo "2423"]
[BlackElo "2136"]
[WhiteFideId "12993778"]
[BlackFideId "499455"]
[EventDate "2025.11.27"]

1. e4 e5 2. Nf3 Nc6 3. Bb5 a6 4. Ba4 Nf6 5. O-O b5 6. Bb3 Bc5 7. a4 Bb7 8. c3 d6
9. d4 Bb6 10. Re1 O-O 11. Bg5 h6 12. Bh4 exd4 13. cxd4 b4 14. Bd5 g5 15. Bxc6
Bxc6 16. Qc1 gxh4 17. Qxc6 h3 18. a5 Ba7 19. g3 Qd7 20. Qxd7 Nxd7 21. Nbd2 f5
22. Rac1 c5 23. Nh4 fxe4 24. Nxe4 cxd4 25. Ng6 Ne5 26. Nxf8 Rxf8 27. Red1 d3 28.
Kf1 d5 29. Nc5 d2 30. Rxd2 Nc4 31. Re2 Bxc5 32. b3 Be3 33. Rxc4 dxc4 34. Rxe3 c3
35. Re1 Rd8 36. Ra1 Rd2 37. Ke1 Rb2 38. Kd1 Rxf2 39. Ra4 Rxh2 40. Rxb4 Rg2 41.
Rh4 h2 42. Rxh6 Kf7 43. b4 Rg1+ 44. Kc2 h1=Q 45. Rxh1 Rxh1 46. Kxc3 Rh3 47. Kc4
Rh5 0-1

[Event "15th London Classic Open"]
[Site "London ENG"]
[Date "2025.11.28"]
[Round "2.36"]
[White "Roe, Simon J"]
[Black "Kanov, Nikola"]
[Result "1/2-1/2"]
[BlackTitle "IM"]
[WhiteElo "2172"]
[BlackElo "2418"]
[WhiteFideId "401471"]
[BlackFideId "2928531"]
[EventDate "2025.11.27"]

1. c4 e5 2. Nc3 d6 3. g3 f5 4. Bg2 Nf6 5. d3 Be7 6. e3 O-O 7. Nge2 a5 8. O-O c6
9. b3 Qe8 10. d4 e4 11. Bd2 d5 12. f3 g5 13. cxd5 cxd5 14. fxe4 dxe4 15. Na4 Bd8
16. Nec3 Na6 17. Qe2 Bd7 18. Nb2 Kh8 19. Nc4 Bc7 20. Ne5 Bxe5 21. dxe5 Qxe5 22.
Na4 Bb5 23. Bc3 Qxc3 24. Qxb5 Qxe3+ 25. Kh1 Ng4 26. Rxf5 Nf2+ 27. Kg1 Nd3+ 28.
Kh1 Nac5 29. Raf1 Rxf5 30. Rxf5 Nf2+ 31. Rxf2 Qxf2 32. Nxc5 Rc8 33. Nd3 Qd4 34.
Qf5 Qa1+ 35. Bf1 Re8 36. Qf7 Rd8 37. Nc5 e3 38. Kg2 Qe5 39. Ne6 e2 40. Nxd8 Qe4+
41. Kh3 exf1=Q+ 42. Qxf1 g4+ 43. Kh4 Qe7+ 44. Kxg4 Qxd8 45. Qa1+ Kg8 46. Qe5 Qb6
47. h4 Kf7 48. Qf5+ Kg7 49. Qg5+ Kf7 50. Kh5 a4 51. bxa4 Qc6 52. g4 Qd6 53. Qf5+
Kg7 54. Qg5+ Kf7 55. a5 Qa6 56. Qd5+ Kg7 57. Qd7+ Kg8 58. Qe8+ Kg7 59. g5 Qd6
60. Qe2 Qg6+ 61. Kg4 Qb1 62. Qe5+ Kg8 63. Qd5+ Kg7 64. h5 Qg1+ 65. Kf5 Qf2+ 66.
Ke5 Qh2+ 67. Ke6 Qxh5 68. Qxb7+ Kg8 69. Qd5 Kf8 70. Kd6 Qh2+ 71. Kc6 Qe2 72. Kb6
Qb2+ 73. Qb5 Qxa2 74. a6 Qe6+ 75. Qc6 Qb3+ 76. Kc7 Qf7+ 77. Kb8 Qf4+ 78. Qc7
Qxg5 79. Qd6+ Ke8 80. Qe6+ Kd8 81. Qd6+ Ke8 82. Qc6+ Kd8 83. a7 Qe5+ 84. Kb7
Qe7+ 85. Ka6 Qa3+ 86. Kb6 Qb4+ 87. Qb5 Qd6+ 88. Qc6 Qb4+ 89. Ka6 Qa3+ 90. Kb7
Qe7+ 91. Ka8 Qc7 92. Qf6+ Kd7 93. Qf7+ Kd6 94. Qf4+ Kd7 95. Qf7+ 1/2-1/2

[Event "15th London Classic Open"]
[Site "London ENG"]
[Date "2025.11.28"]
[Round "2.37"]
[White "Langheinrich, Ferenc"]
[Black "O'cuilleanain, Oisin"]
[Result "1-0"]
[WhiteTitle "IM"]
[WhiteElo "2334"]
[BlackElo "2170"]
[WhiteFideId "4641973"]
[BlackFideId "2514249"]
[EventDate "2025.11.27"]

1. e4 c5 2. Nf3 d6 3. d4 cxd4 4. Nxd4 Nf6 5. Nc3 a6 6. f4 e5 7. Nf5 d5 8. fxe5
Nxe4 9. Nxe4 Bxf5 10. Ng3 Be6 11. Bd3 Nc6 12. Qe2 Bc5 13. Nh5 O-O 14. h4 Qd7 15.
Nf6+ gxf6 16. Qh5 h6 17. Bh7+ 1-0

[Event "15th London Classic Open"]
[Site "London ENG"]
[Date "2025.11.28"]
[Round "2.38"]
[White "Deepak Ambattu, Rithvik"]
[Black "Badacsonyi, Stanley"]
[Result "0-1"]
[WhiteTitle "CM"]
[BlackTitle "FM"]
[WhiteElo "2168"]
[BlackElo "2316"]
[WhiteFideId "2410060"]
[BlackFideId "486973"]
[EventDate "2025.11.27"]

1. d4 Nf6 2. Nf3 g6 3. g3 Bg7 4. Bg2 d6 5. O-O O-O 6. c4 Nc6 7. Nc3 a6 8. h3 Rb8
9. e4 b5 10. cxb5 axb5 11. a3 b4 12. axb4 Nxb4 13. Re1 Nd7 14. Be3 Bb7 15. Qd2
c5 16. Red1 Re8 17. Bf1 Qc8 18. Bb5 Bc6 19. Bxc6 Nxc6 20. dxc5 Nxc5 21. Bxc5
dxc5 22. Kg2 Nd4 23. Nxd4 cxd4 24. Na4 Rb3 25. Rac1 Qb8 26. Rc4 Rd8 27. Qc1 e5
28. Rc2 Bf8 29. Nc5 Bxc5 30. Rxc5 Rxb2 31. Qg5 Re8 32. Rd3 Qd6 33. Rd5 Qe7 34.
Qc1 Rb7 35. Qc6 Rc7 36. Qb5 f6 37. Rf3 Rec8 38. Qb6 Rc6 39. Qb3 Kg7 40. Qa4 R8c7
41. Rb3 Rd6 42. Rxd6 Qxd6 43. Qb5 Qc6 44. Qxc6 Rxc6 45. Rb7+ Kh6 46. Rd7 g5 47.
g4 Kg6 48. Kg3 h5 49. gxh5+ Kxh5 50. f3 Rc3 51. Rh7+ Kg6 52. Rd7 Rc1 53. Kg2 Rc8
54. Kf2 Rh8 55. Kg3 Rh7 56. Rd6 Rc7 57. h4 gxh4+ 58. Kxh4 Kf7 59. f4 Ke7 60.
fxe5 fxe5 61. Rd5 Ke6 62. Kg4 Rf7 63. Kg3 Rf1 64. Ra5 Rf4 65. Ra6+ Kf7 66. Ra7+
Kf6 67. Ra6+ Kg5 0-1

[Event "15th London Classic Open"]
[Site "London ENG"]
[Date "2025.11.28"]
[Round "2.39"]
[White "Balaji, Aaravamudhan"]
[Black "Xian, Junhao"]
[Result "1/2-1/2"]
[WhiteTitle "IM"]
[WhiteElo "2305"]
[BlackElo "2166"]
[WhiteFideId "436224"]
[BlackFideId "8607621"]
[EventDate "2025.11.27"]

1. d4 f5 2. g3 Nf6 3. Bg2 g6 4. Nf3 Bg7 5. O-O O-O 6. c4 d6 7. Nc3 c6 8. Qb3 Na6
9. Bf4 Nc7 10. d5 e5 11. dxe6 Nxe6 12. Bd2 Nc5 13. Qc2 Be6 14. b3 Nfe4 15. b4
Nxd2 16. Nxd2 Nd7 17. Rac1 Ne5 18. Rfd1 Qe7 19. b5 f4 20. Qa4 Bh6 21. Nce4 fxg3
22. hxg3 Nxc4 23. Qb4 c5 24. Qc3 Nxd2 25. Nxd2 Bxa2 26. e3 Be6 27. Qd3 Rad8 28.
Ne4 Bf5 29. Qb3+ Be6 30. Qa4 b6 31. Nc3 Rxf2 32. Kxf2 Rf8+ 33. Kg1 Bxe3+ 34. Kh2
Rf5 35. Be4 Rf2+ 36. Bg2 Rf5 37. Be4 Rf2+ 38. Bg2 Rf5 1/2-1/2

[Event "15th London Classic Open"]
[Site "London ENG"]
[Date "2025.11.28"]
[Round "2.40"]
[White "Carroll, Peter"]
[Black "Koster, Ramon"]
[Result "1-0"]
[WhiteTitle "FM"]
[BlackTitle "FM"]
[WhiteElo "2165"]
[BlackElo "2302"]
[WhiteFideId "2510243"]
[BlackFideId "1008544"]
[EventDate "2025.11.27"]

1. e4 c5 2. Nf3 d6 3. d4 cxd4 4. Nxd4 Nf6 5. Nc3 a6 6. h3 e5 7. Nb3 Be7 8. g4 h6
9. Be3 b5 10. Nd5 Bb7 11. Bb6 Qc8 12. Nc7+ Kf8 13. f3 Nbd7 14. Nxa8 Qxa8 15. Bf2
Bxe4 16. Be2 Bg6 17. O-O Nd5 18. h4 h5 19. g5 Nf4 20. Be3 Nxe2+ 21. Qxe2 f6 22.
c4 fxg5 23. hxg5 Kg8 24. cxb5 axb5 25. Qxb5 Nf8 26. Na5 Kh7 27. Qb7 Qe8 28. Nc6
Bd8 29. Rad1 Ne6 30. Rxd6 Bc7 31. Rxe6 Qxe6 32. Qxc7 Rc8 33. Qxe5 Qxc6 34. Bd4
Qb7 35. a4 Re8 36. Qd6 Qc8 37. Qg3 Qc4 38. Bc3 Qxa4 39. Qc7 Rg8 40. Re1 Qh4 41.
Qe5 Qh3 42. Kf2 Qd7 43. Qe7 Qh3 44. Qc7 Qh4+ 45. Qg3 Qc4 46. Kg2 Qf7 47. Qd6 Rf8
48. Bf6 Re8 49. Rxe8 Qxe8 50. Be5 Qf7 51. Bc3 Bc2 52. Qe5 Bb3 53. Kh2 Bd1 54. f4
Bg4 55. b4 Kg6 56. b5 Qa2+ 57. Bb2 Qb3 58. Qxg7+ Kf5 59. Qe5+ Kg6 60. Qf6+ 1-0

[Event "15th London Classic Open"]
[Site "London ENG"]
[Date "2025.11.28"]
[Round "2.41"]
[White "Gurevich, Artjom"]
[Black "Panjer, Sidney"]
[Result "0-1"]
[WhiteElo "2163"]
[BlackElo "2287"]
[WhiteFideId "2603870"]
[BlackFideId "16207041"]
[EventDate "2025.11.27"]

1. d4 d5 2. c4 e6 3. Nf3 Nf6 4. g3 Be7 5. Bg2 O-O 6. Nc3 Nbd7 7. O-O dxc4 8. e4
b5 9. e5 Nd5 10. Nxb5 c5 11. Nd2 N7b6 12. dxc5 Bxc5 13. Ne4 Be7 14. Nbd6 f5 15.
Nc3 Nxc3 16. bxc3 Rb8 17. Ba3 Bd7 18. Nb7 Rxb7 19. Bxe7 Qxe7 20. Bxb7 Ba4 21.
Qf3 Qc7 22. Rab1 Bc2 23. Qc6 Qe7 24. f3 Ba4 25. Qd6 Qxb7 26. Qxe6+ Qf7 27. Qxf7+
Kxf7 28. Kf2 Ke6 29. f4 Rd8 30. Rb2 Rd3 31. Rc1 h5 32. Ke2 Nd5 33. Rb7 Nxc3+ 34.
Ke1 a6 35. Rxg7 Kd5 36. Rc7 Kd4 37. Kf1 Bb5 38. a4 Nxa4 39. Re1 c3 40. e6 c2 41.
Kg2 Rd1 42. Rd7+ Bxd7 43. exd7 Kc3 44. Re3+ Kb2 0-1

[Event "15th London Classic Open"]
[Site "London ENG"]
[Date "2025.11.28"]
[Round "2.42"]
[White "Yoon, Jacob D"]
[Black "Vu Dinh, Adrien"]
[Result "0-1"]
[WhiteTitle "CM"]
[WhiteElo "2160"]
[BlackElo "2281"]
[WhiteFideId "446076"]
[BlackFideId "45186995"]
[EventDate "2025.11.27"]

1. e4 c5 2. Nf3 Nc6 3. d4 cxd4 4. Nxd4 Nf6 5. Nc3 d6 6. Bg5 e6 7. Qd2 a6 8.
O-O-O Bd7 9. Kb1 Be7 10. Nxc6 Bxc6 11. f3 h6 12. Be3 d5 13. e5 Nd7 14. f4 Qa5
15. Qf2 Bb5 16. f5 Rc8 17. Bd4 Nc5 18. Qg3 Rg8 19. Bxc5 Rxc5 20. Nxb5 axb5 21.
fxe6 fxe6 22. Be2 Kd7 23. Bg4 Qa4 24. Qh3 Qxc2+ 25. Ka1 Qg6 26. Bh5 Qf5 27. Bg4
Qg6 28. Bh5 Qf5 29. Qxf5 exf5 30. Bf7 Rd8 31. Rhf1 Kc7 32. Rf2 f4 33. Rxf4 d4
34. Rf5 d3 35. Bb3 d2 36. a3 g6 37. Kb1 Bg5 38. Rf7+ Kb6 39. e6 Re8 40. Ka2 Rc1
41. Rff1 Kc5 42. h4 Be3 43. Rf6 g5 44. Rxh6 gxh4 45. Rh5+ Kb6 46. Re5 Bf4 47.
Re4 Bg5 48. Re5 Rc5 49. Re2 Re7 50. Rf2 Re5 51. Rdxd2 Bxd2 52. Rxd2 Rg5 53. Rd4
Rxg2 54. Rxh4 Re2 55. Rh1 Rg7 56. Bd5 Rg5 57. Rd1 Ree5 58. Bb3 Rg2 59. Ka1 Ree2
60. Rb1 Rh2 61. Ba2 Rd2 62. Bb3 Rhe2 63. Ba2 Ka6 64. Bb3 Ka5 65. Ba2 Ka4 66. e7
Rxe7 67. Bg8 Ree2 68. Bf7 b4 69. axb4 Kxb4 70. Ba2 b5 71. Bf7 Rf2 72. Bg8 Ka4
73. Be6 b4 74. Bc4 b3 75. Rh1 Rxb2 76. Bxb3+ Rxb3 77. Rh4+ Rb4 78. Rh3 Rf1+ 79.
Ka2 Rbf4 80. Rh2 R4f2+ 0-1

[Event "15th London Classic Open"]
[Site "London ENG"]
[Date "2025.11.28"]
[Round "2.43"]
[White "Kalavannan, Koby"]
[Black "Vortmeier, Jan"]
[Result "0-1"]
[WhiteTitle "FM"]
[WhiteElo "2275"]
[BlackElo "2152"]
[WhiteFideId "425753"]
[BlackFideId "16261321"]
[EventDate "2025.11.27"]

1. d4 Nf6 2. c4 g6 3. Nc3 Bg7 4. e4 d6 5. Be2 O-O 6. Be3 c5 7. dxc5 Qa5 8. Bd2
dxc5 9. e5 Nfd7 10. f4 Nc6 11. Nf3 f6 12. exf6 Nxf6 13. O-O Bf5 14. Kh1 Rad8 15.
Na4 Qc7 16. Nxc5 b6 17. Nb3 Ne4 18. Qc1 Nxd2 19. Nfxd2 Nb4 20. c5 Nd3 21. Bxd3
Bxd3 22. Rf3 b5 23. Qe1 Bxb2 24. Qe6+ Rf7 25. Re1 Bc3 26. Rc1 Bf5 27. Qe3 Bb2
28. Rcf1 a5 29. Ne4 Bxe4 30. Qxe4 a4 31. Nc1 Bxc1 32. Rxc1 Qxc5 33. Rff1 Qd4 34.
Qb1 Rf5 35. Rfd1 Qb6 36. Qe4 Kf7 37. g3 Rxd1+ 38. Rxd1 Qe6 39. Qc2 Rd5 40. Rf1
Qf5 41. Qe2 Rd3 42. Re1 Qd5+ 43. Kg1 e6 44. f5 Rd2 45. fxe6+ Ke7 46. Qf1 Qc5+
47. Kh1 Qf5 48. Qxf5 gxf5 49. Rb1 Kxe6 50. Rxb5 Rxa2 51. Ra5 a3 52. Kg1 Kd6 53.
Kf1 Kc6 54. Kg1 Kb6 55. Ra4 Kb5 56. Ra8 Kb4 57. Rb8+ Kc3 58. Ra8 Kb2 59. Rb8+
Kc1 60. Ra8 Kb1 61. Kf1 Ra1 62. Kg2 Ka2 63. Kh3 Rb1 64. Re8 Rb3 65. Kh4 Kb2 66.
Re2+ Ka1 67. Re1+ Rb1 68. Re2 a2 69. Kg5 Rh1 70. Kxf5 Kb1 71. Rxa2 Kxa2 72. h4
Kb3 73. Kg5 Kc4 74. Kh6 Rh3 75. Kxh7 Kd5 76. Kg6 Ke6 77. h5 Rxg3+ 78. Kh7 Kf6
79. h6 Rh3 80. Kg8 Rxh6 81. Kf8 Rh8# 0-1

[Event "15th London Classic Open"]
[Site "London ENG"]
[Date "2025.11.28"]
[Round "2.44"]
[White "Smith, Andrew Philip"]
[Black "Noy, Eyal"]
[Result "0-1"]
[WhiteTitle "FM"]
[BlackTitle "FM"]
[WhiteElo "2145"]
[BlackElo "2275"]
[WhiteFideId "2500833"]
[BlackFideId "2821117"]
[EventDate "2025.11.27"]

1. e4 e5 2. d4 exd4 3. Qxd4 Nc6 4. Qe3 Nf6 5. Nc3 Bb4 6. Bd2 O-O 7. O-O-O Re8 8.
Bc4 d6 9. Nf3 Be6 10. Bxe6 Rxe6 11. Ng5 Re8 12. f3 Ne5 13. Qe2 Qd7 14. a3 Ba5
15. Kb1 Bb6 16. f4 Nc6 17. h3 Bd4 18. Qf3 h6 19. h4 Rac8 20. Rde1 Bb6 21. Nh3
Re7 22. Qd3 Rce8 23. Nd5 Nxd5 24. exd5 Nd4 25. Rxe7 Rxe7 26. Re1 Rxe1+ 27. Bxe1
Qg4 28. c3 Qf5 29. Nf2 Qxd3+ 30. Nxd3 Nf5 31. g3 Ne3 32. b4 h5 33. Ka2 Kh7 34.
Kb3 Kg6 35. c4 Bd4 36. c5 Kf5 37. Bf2 Ke4 38. Bxe3 Kxd3 39. cxd6 cxd6 40. Bc1 b5 0-1

[Event "15th London Classic Open"]
[Site "London ENG"]
[Date "2025.11.28"]
[Round "2.45"]
[White "Itkin, David"]
[Black "Hng, Mei-En Emmanuelle"]
[Result "1-0"]
[BlackTitle "WFM"]
[WhiteElo "2272"]
[BlackElo "2125"]
[WhiteFideId "2611813"]
[BlackFideId "5804566"]
[EventDate "2025.11.27"]

1. e4 c5 2. Nf3 e6 3. Nc3 a6 4. d4 cxd4 5. Nxd4 Qc7 6. Be2 b5 7. O-O Bb7 8. Re1
Nc6 9. Nxc6 dxc6 10. e5 Rd8 11. Bd3 c5 12. Qh5 g6 13. Qe2 Bg7 14. Be4 Bxe4 15.
Nxe4 Bxe5 16. a4 Ne7 17. axb5 O-O 18. Rxa6 Rb8 19. Bg5 f6 20. Nxf6+ Bxf6 21.
Qxe6+ Rf7 22. Bxf6 Re8 23. b6 Qf4 24. b7 Rf8 25. Ra8 1-0

[Event "15th London Classic Open"]
[Site "London ENG"]
[Date "2025.11.28"]
[Round "2.46"]
[White "Kudaibergen, Nurlykhan"]
[Black "Krishnan, Ritvik"]
[Result "1/2-1/2"]
[BlackTitle "FM"]
[WhiteElo "2127"]
[BlackElo "2265"]
[WhiteFideId "13724665"]
[BlackFideId "45055297"]
[EventDate "2025.11.27"]

1. e4 c5 2. Nf3 Nc6 3. Nc3 e5 4. Bb5 d6 5. d3 Be7 6. O-O Nf6 7. Ne2 a6 8. Ba4 b5
9. Bb3 O-O 10. Ng3 Be6 11. c3 d5 12. Re1 dxe4 13. Bxe6 exf3 14. Qxf3 e4 15. Nxe4
Ne5 16. Qg3 Nxd3 17. Nxf6+ Bxf6 18. Rd1 Nxc1 19. Raxc1 Qe7 20. Bg4 Rad8 21. Bf3
Rfe8 22. Rxd8 Qxd8 23. Rf1 Qd2 24. Qc7 c4 25. g3 g6 26. Rd1 Re1+ 27. Rxe1 Qxe1+
28. Kg2 Qe6 29. Qb7 Be7 30. Bc6 Bc5 31. Bd5 Qf5 32. Bf3 Kg7 33. Qd5 Qxd5 34.
Bxd5 a5 35. Kf3 Kf6 36. Bc6 b4 37. Bd5 bxc3 38. bxc3 Bd6 39. Ke3 Bc5+ 40. Ke2
Ke7 41. a4 f6 42. Bxc4 Kd6 43. f3 Bg1 44. h3 g5 45. h4 gxh4 46. gxh4 Ke5 47. Kd3
Bf2 48. h5 h6 49. Ba6 f5 50. Bc8 f4 51. Bb7 Be1 52. Be4 Bf2 53. Ke2 Be3 54. Kd3
Bf2 1/2-1/2

[Event "15th London Classic Open"]
[Site "London ENG"]
[Date "2025.11.28"]
[Round "2.47"]
[White "Hanache, Kai"]
[Black "Lau, Lut Yin Luke"]
[Result "1-0"]
[BlackTitle "CM"]
[WhiteElo "2122"]
[BlackElo "2243"]
[WhiteFideId "490105"]
[BlackFideId "6002226"]
[EventDate "2025.11.27"]

1. e4 e5 2. Nf3 Nc6 3. Bc4 Nf6 4. d3 Bc5 5. c3 d6 6. O-O a5 7. Re1 Ba7 8. h3 h6
9. d4 O-O 10. Bb3 Re8 11. Bc2 exd4 12. cxd4 Bd7 13. Nc3 Nb4 14. Bb1 c5 15. d5 c4
16. Be3 Bxe3 17. Rxe3 Nh5 18. Qd4 Rc8 19. e5 dxe5 20. Nxe5 Qf6 21. Qe4 Bxh3 22.
Qh7+ Kf8 23. Nd7+ 1-0

[Event "15th London Classic Open"]
[Site "London ENG"]
[Date "2025.11.28"]
[Round "2.48"]
[White "Shubin, Daniel"]
[Black "Stone, Andrew M"]
[Result "0-1"]
[WhiteTitle "CM"]
[WhiteElo "2235"]
[BlackElo "2122"]
[WhiteFideId "30936470"]
[BlackFideId "404985"]
[EventDate "2025.11.27"]

1. e4 c6 2. d4 d5 3. Nc3 dxe4 4. Nxe4 Nf6 5. Nxf6+ exf6 6. c3 Bd6 7. Bd3 Na6 8.
Qf3 Nc7 9. Bf4 Bxf4 10. Qxf4 Nd5 11. Qg3 O-O 12. Ne2 Be6 13. O-O Rc8 14. Rac1
Re8 15. Rfd1 b5 16. b3 Qa5 17. Bb1 Ne7 18. Qf3 Bd5 19. Qh5 Ng6 20. Ng3 Bxg2 21.
f3 Qc7 22. Rc2 Nf4 23. Qh4 Bh3 24. Rcd2 h6 25. d5 Qe5 26. Be4 cxd5 27. Rxd5 Nxd5
28. Rxd5 Qe6 29. Rh5 f5 30. Qxh3 Qb6+ 31. Kg2 fxe4 32. Nxe4 Rc6 33. Qd7 Rg6+ 34.
Kh3 Rxe4 35. Qc8+ Kh7 36. Rxh6+ Rxh6+ 0-1

[Event "15th London Classic Open"]
[Site "London ENG"]
[Date "2025.11.28"]
[Round "2.49"]
[White "Figeac, Aurelien"]
[Black "Sivanandan, Bodhana"]
[Result "1/2-1/2"]
[BlackTitle "WIM"]
[WhiteElo "2121"]
[BlackElo "2233"]
[WhiteFideId "616818"]
[BlackFideId "497592"]
[EventDate "2025.11.27"]

1. e4 e5 2. Nf3 Nf6 3. Nc3 Nc6 4. Bb5 Nd4 5. Bd3 Nxf3+ 6. Qxf3 d6 7. Bc4 Be7 8.
d3 Bg4 9. Qg3 Qd7 10. Nd5 Nxd5 11. Bxd5 c6 12. Bb3 Bf6 13. Be3 Be6 14. Bxe6 Qxe6
15. O-O O-O 16. h3 d5 17. Qg4 Qxg4 18. hxg4 Rfd8 19. g3 h6 20. f3 b6 21. Kf2 c5
22. Ke2 Rac8 23. c4 dxe4 24. dxe4 Kf8 25. Rfd1 Rxd1 26. Rxd1 Ke7 27. Rd5 Ke6 28.
a3 g5 29. Rd1 Rd8 30. Rxd8 Bxd8 31. b3 Kd6 32. Kd3 Kc6 33. Bd2 Bc7 34. Kc2 Bd6
35. Kd3 Bc7 36. Kc2 Bd6 37. Kd3 Bc7 1/2-1/2